| 000 | 00508nam a22001817a 4500 | ||
|---|---|---|---|
| 999 |
_c187905 _d187905 |
||
| 005 | 20220505105715.0 | ||
| 010 | _aENG-132520 | ||
| 020 |
_a9789382637028 _c750.00 |
||
| 035 | _aEN-116052 | ||
| 037 | _bDBAD/PUB | ||
| 082 | _a704.948954 | ||
| 100 | _aSharma, Manoj | ||
| 245 |
_aHindu Art & Sculpture/ _cManoj Sharma |
||
| 260 |
_aAllahabad _bRini Publication _c2017 |
||
| 270 |
_a59, Pan Dareeba _bAllahabad _e211003 |
||
| 300 |
_a237p. _c21cm(hbk) |
||
| 942 |
_2ddc _cEN _h704.948954 _mSHA |
||